| 000 | 00590cam a2200229 4500 | ||
|---|---|---|---|
| 001 | M2176 | ||
| 008 | 090401t xxu||||| |||| 00| 0 eng d | ||
| 035 | _a(Sirsi) u36959 | ||
| 041 | _aeng | ||
| 050 | _a692.5 | ||
| 110 |
_aRoyal Institution of Chartered Surveyors _94900 |
||
| 245 | _aCan I afford to build? | ||
| 260 |
_aLondon _bRICS _c1990? |
||
| 300 | _a1 folded sheet ; 21x10cm . | ||
| 350 | _a0 | ||
| 520 | _aPublicity leaflet. | ||
| 650 | _aABOUT RICS-RICS MEMBERS | ||
| 650 | _aQUANTITY SURVEYORS | ||
| 690 |
_aQuantity surveying _96263 |
||
| 942 | _n0 | ||
| 948 | _c04/03/1997 | ||
| 999 |
_c90411 _d90411 |
||